ODESZA - Summer's Gone - Intro (Lyrics) - Statistics

General Stats
  • This quiz has been taken 12 times
  • The average score is 26 of 64
Answer Stats
Lyrics % Correct
a
100%
a
100%
and
75%
and
75%
and
75%
You
75%
You
75%
You
75%
You
75%
you
75%
acoustic
50%
again.
50%
backwards.
50%
change
50%
it
50%
it
50%
it
50%
it
50%
magnetic
50%
over
50%
over
50%
Play
50%
qualities.
50%
Record
50%
Record
50%
sound.
50%
sound.
50%
take
50%
then
50%
add
25%
adjust
25%
Any
25%
at
25%
before.
25%
by
25%
By
25%
can
25%
combine
25%
create
25%
different
25%
echoes,
25%
ever
25%
filters,
25%
has
25%
heard
25%
its
25%
itself
25%
many
25%
means
25%
multiplicity
25%
nature
25%
no
25%
of
25%
of
25%
one
25%
operations.
25%
others
25%
segments
25%
sounds
25%
speeds.
25%
tape.
25%
these
25%
to
25%
which
25%
No matching quizzes found
Score Distribution
Percent of People with Each Score
Percentile by Number Answered
Your Score History
You have not taken this quiz